Eastern Utah Libraries Catalog: Duchesne, Heber, Roosevelt, & Vernal

The illusionist : (Record no. 400902)

MARC details
000 -LEADER
fixed length control field 03393cam a2200421 i 4500
001 - CONTROL NUMBER
control field on1420429721
003 - CONTROL NUMBER IDENTIFIER
control field OCoLC
005 - DATE AND TIME OF LATEST TRANSACTION
control field 20241002165841.0
008 - FIXED-LENGTH DATA ELEMENTS--GENERAL INFORMATION
fixed length control field 240210t20242024nyuabf e b 001 0 eng d
020 ## - INTERNATIONAL STANDARD BOOK NUMBER
International Standard Book Number 9781639367160
Qualifying information (hardcover)
020 ## - INTERNATIONAL STANDARD BOOK NUMBER
International Standard Book Number 1639367160
Qualifying information (hardcover)
035 ## - SYSTEM CONTROL NUMBER
System control number (OCoLC)1420429721
035 ## - SYSTEM CONTROL NUMBER
System control number 1792481
040 ## - CATALOGING SOURCE
Original cataloging agency YDX
Language of cataloging eng
Description conventions rda
Transcribing agency YDX
Modifying agency FM0
-- OJ4
-- JAS
-- OCLCO
-- DAD
092 ## - LOCALLY ASSIGNED DEWEY CALL NUMBER (OCLC)
Classification number General NonFiction
Item number 92 Clarke
100 1# - MAIN ENTRY--PERSONAL NAME
Personal name Hutton, Robert,
Relator term author.
9 (RLIN) 6494602
245 14 - TITLE STATEMENT
Title The illusionist :
Remainder of title the true story of the man who fooled Hitler /
Statement of responsibility, etc Robert Hutton.
250 ## - EDITION STATEMENT
Edition statement First Pegasus Books cloth edition.
264 #1 - Production, Publication, Distribution, Manufacture, and Copyright Notice.
Place of production, publication, distribution, manufacture New York :
Name of producer, publisher, distributor, manufacturer Pegasus Books,
Date of production, publication, distribution, manufacture, or copyr 2024.
264 #4 - Production, Publication, Distribution, Manufacture, and Copyright Notice.
Date of production, publication, distribution, manufacture, or copyr ©2024.
300 ## - PHYSICAL DESCRIPTION
Extent xxvi, 354 pages, 8 unnumbered pages of plates :
Other physical details illustrations, maps ;
Dimensions 24 cm.
336 ## - Content Type
Content type term text
337 ## - Media type
Media type term unmediated
338 ## - Carrier type
Carrier type term volume
504 ## - BIBLIOGRAPHY, ETC. NOTE
Bibliography, etc Includes bibliographical references and index.
505 00 - FORMATTED CONTENTS NOTE
Title Setting the stage: 1500 BC-December 1940 --
-- The multiplying flags: January-April 1941 --
-- The Turk: April-May 1941 --
-- The sands of the desert: May-July 1941 --
-- The costume trunk: July-October 1941 --
-- The assistant's revenge: October 1941-Febraury 1942 --
-- The miser's dream: February-June 1942 --
-- The cut and restored rope: June-July 1942 --
-- The shell game: July-October 1942 --
-- The ingenious confederacy: October 1942-February 1943 --
-- The artist's dream: February-July 1943 --
-- Here, there or where: July 1943-July 1946 --
-- Curtain.
520 ## - SUMMARY, ETC.
Summary, etc "Cairo, 1942: If you had asked a British officer who Colonel Clarke was, they would have been able to point him out: always ready with a drink and a story, he was a well-known figure in the local bars. If you then asked what he did, you would have less success. Those who knew didn't tell, and almost no one really knew at all. Clarke thought of himself as developing a new kind of weapon. Its components? Rumour, stagecraft, a sense of fun. Its target? The mind of Erwin Rommel, Hitler's greatest general. Throughout history, military commanders have sought to mislead their opponents. Dudley Clarke set out to do it on a scale no one had imagined before. Even afterwards, almost no one understood the magnitude of his achievement. Drawing on recently released documents and hugely expanding on the louche portrait of Clarke as seen in SAS: Rogue Warriors, journalist and historian Robert Hutton reveals the amazing story of Clarke's A Force, the invention of the SAS and the Commandos, and the masterful hoodwinking of the Desert Fox at the battle of El Alamein. The Illusionist tells for the first time the dazzling tale of how, at a pivotal moment in the war, British eccentricity and imagination combined to thwart the Nazis and save innumerable lives - on both sides"--Publisher's description.
600 10 - SUBJECT ADDED ENTRY--PERSONAL NAME
Personal name Clarke, Dudley,
Dates associated with a name 1899-1974.
9 (RLIN) 6494603
610 10 - SUBJECT ADDED ENTRY--CORPORATE NAME
Corporate name or jurisdiction name as entry element Great Britain.
Subordinate unit Army
General subdivision History
Chronological subdivision World War, 1939-1945.
9 (RLIN) 6494604
650 #0 - SUBJECT ADDED ENTRY--TOPICAL TERM
Topical term or geographic name as entry element Soldiers
Geographic subdivision Great Britain
Form subdivision Biography.
9 (RLIN) 6494605
650 #0 - SUBJECT ADDED ENTRY--TOPICAL TERM
Topical term or geographic name as entry element Spies
Geographic subdivision Great Britain
Form subdivision Biography.
9 (RLIN) 5729939
650 #0 - SUBJECT ADDED ENTRY--TOPICAL TERM
Topical term or geographic name as entry element World War, 1939-1945
Geographic subdivision Great Britain.
650 #0 - SUBJECT ADDED ENTRY--TOPICAL TERM
Topical term or geographic name as entry element Strategy
General subdivision History
Chronological subdivision 20th century.
9 (RLIN) 101757
650 #0 - SUBJECT ADDED ENTRY--TOPICAL TERM
Topical term or geographic name as entry element Deception (Military science)
General subdivision History
Chronological subdivision 20th century.
9 (RLIN) 5695677
655 #7 - INDEX TERM--GENRE/FORM
Genre/form data or focus term Biographies.
Source of term lcgft.
9 (RLIN) 5691024
907 ## - LOCAL DATA ELEMENT G, LDG (RLIN)
a .b492756569
942 ## - ADDED ENTRY ELEMENTS (KOHA)
Source of classification or shelving scheme Dewey Decimal Classification
Koha item type BOOK
Holdings
Withdrawn status Lost status Source of classification or shelving scheme Damaged status Not for loan Collection code Home library Current library Shelving location Date acquired Source of acquisition Total Checkouts Total Renewals Full call number Barcode Date last seen Date checked out Cost, replacement price Price effective from Koha item type
    Dewey Decimal Classification     General NonFiction Wasatch County Library Wasatch County Library Second Floor 10/02/2024 Micromarketing 3 3 Biography Clarke 34301002087106 12/17/2024 10/30/2024 32.00 10/02/2024 BOOK
This project was made possible through a grant from the Institute of Museum and Library Service administered by the Utah State Library Division.

Wasatch County Library

  • 465 East 1200 South, Heber City, Utah 84032
  • Phone 435-654-1511 | Fax 435-654-6456

Hours

  • Monday - Friday 9:30 AM - 8:00 PM
  • Saturday 9:30 AM - 1:30 PM
  • Closed Sundays and Holidays